书目信息 |
| 题名: |
炼焦新技术
|
|
| 作者: | 潘立慧 , 魏松波 主编 | |
| 分册: | ||
| 出版信息: | 北京 冶金工业出版社 2006.02 |
|
| 页数: | 11,307页 | |
| 开本: | 26cm | |
| 丛书名: | ||
| 单 册: | ||
| 中图分类: | TQ52 | |
| 科图分类: | ||
| 主题词: | 炼焦--新技术 , 炼焦 , 新技术 | |
| 电子资源: | ||
| ISBN: | 978-7-5024-3898-2 | |
| 000 | 00886nam0 2200265 45 | |
| 001 | 1354544389 | |
| 005 | 20130510085147.89 | |
| 010 | @a978-7-5024-3898-2@dCNY56.00 | |
| 100 | @a20130108e20082006em y0chiy50 ea | |
| 101 | 0 | @achi |
| 102 | @aCN@b110000 | |
| 105 | @aa z 000yy | |
| 106 | @ar | |
| 200 | 1 | @a炼焦新技术@ALian Jiao Xin Ji Shu@f潘立慧,魏松波主编@FPan Li Hui, Wei Song Bo Zhu Bian |
| 210 | @a北京@c冶金工业出版社@d2006.02@h2008.01 | |
| 215 | @a11,307页@c图@d26cm | |
| 330 | @a全书采用理论与实践相结合的方式介绍了炼焦最新技术,包括工艺原理、大型化焦炉技术、扩大炼焦煤资源的新技术、焦炉环保、热回收焦炉、焦炉自动控制技术等。 | |
| 606 | 0 | @a炼焦@x新技术 |
| 606 | 0 | @a炼焦 |
| 606 | 0 | @a新技术 |
| 690 | @aTQ52@v5 | |
| 701 | 0 | @a潘立慧@APan Li Hui@4主编 |
| 701 | 0 | @a魏松波@AWei Song Bo@4主编 |
| 801 | @aCN@bTANGWEI@c20130111 | |
| 905 | @b0830779-81@dTQ52@e36@f3 | |
| 炼焦新技术/潘立慧,魏松波主编.-北京:冶金工业出版社,2006.02(2008.01) |
| 11,307页:图;26cm |
| ISBN 978-7-5024-3898-2:CNY56.00 |
| 全书采用理论与实践相结合的方式介绍了炼焦最新技术,包括工艺原理、大型化焦炉技术、扩大炼焦煤资源的新技术、焦炉环保、热回收焦炉、焦炉自动控制技术等。 |
| ● |
| 相关链接 |
|
|
|
|
正题名:炼焦新技术
索取号:TQ52/36
 
预约/预借
| 序号 | 登录号 | 条形码 | 馆藏地/架位号 | 状态 | 备注 |
| 1 | 0830779 | 208307795 | 第二样本阅览室/ [索取号:TQ52/36] | 在馆 | |
| 2 | 0830780 | 208307802 | 第三借阅区/ [索取号:TQ52/36] | 在馆 | |
| 3 | 0830781 | 208307811 | 第三借阅区/ [索取号:TQ52/36] | 在馆 |